000
00307nam a22001337a 4500
008
180919b xxu||||| |||| 00| 0 eng d
020
_a
0781702151
041
_a
eng
080
_a
612.39
100
_a
10
101
_a
NUT
245
_a
Protein Metabolism During Infancy
_c
Raiha.N.R
942
_2
udc
_c
BK
999
_c
47970
_d
47970